Normal view
MARC view
- الواعي،توفيق يوسف ،فارس،عصام
Entry Personal Name
001 - CONTROL NUMBER
- control field: 16492
003 - CONTROL NUMBER IDENTIFIER
- control field: JO-AjAnu
005 - DATE AND TIME OF LATEST TRANSACTION
- control field: 20230606072929.0
008 - FIXED-LENGTH DATA ELEMENTS
- fixed length control field: 230606|| aca||aabn | a|a d
040 ## - CATALOGING SOURCE
- Original cataloging agency: JO-AjAnu
- Transcribing agency: JO-AjAnu
100 ## - HEADING--PERSONAL NAME
- Personal name: الواعي،توفيق يوسف ،فارس،عصام
670 ## - SOURCE DATA FOUND
- Source citation: Work cat.: (JO-AjAnu)8470: الواعي،توفيق يوسف ،فارس،عصام, author, في التزكية والأخلاق :التوبة-الصدق-التواضع-الإخلاص-المراقبة